<?xml version="1.0" encoding="UTF-8"?>
<record
    xmlns:xsi="http://www.w3.org/2001/XMLSchema-instance"
    xsi:schemaLocation="http://www.loc.gov/MARC21/slim http://www.loc.gov/standards/marcxml/schema/MARC21slim.xsd"
    xmlns="http://www.loc.gov/MARC21/slim">

  <leader>01149nam a2200289 i 4500</leader>
  <controlfield tag="001">88990</controlfield>
  <controlfield tag="003">ES-MaACL</controlfield>
  <controlfield tag="005">20230906180015.0</controlfield>
  <controlfield tag="007">t|</controlfield>
  <controlfield tag="008">050121s2004    sp           ||||1| spa d</controlfield>
  <datafield tag="020" ind1=" " ind2=" ">
    <subfield code="a">84-95394-64-2</subfield>
  </datafield>
  <datafield tag="080" ind1=" " ind2=" ">
    <subfield code="a">929 Isabel I, Reina de Espa&#xF1;a</subfield>
  </datafield>
  <datafield tag="080" ind1=" " ind2=" ">
    <subfield code="a">929 Fernando V, Rey de Espa&#xF1;a</subfield>
  </datafield>
  <datafield tag="080" ind1=" " ind2=" ">
    <subfield code="a">946.0288"14/15"(093)</subfield>
  </datafield>
  <datafield tag="100" ind1="1" ind2=" ">
    <subfield code="a">Carrilero Mart&#xED;nez, Ram&#xF3;n.</subfield>
    <subfield code="9">35754</subfield>
  </datafield>
  <datafield tag="245" ind1="1" ind2="4">
    <subfield code="a">Los Reyes Cat&#xF3;licos en la documentaci&#xF3;n albacetense (1476-1504) </subfield>
    <subfield code="b">: fondo del archivo hist&#xF3;rico provincial / </subfield>
    <subfield code="c">Ram&#xF3;n Carrilero Mart&#xED;nez.</subfield>
  </datafield>
  <datafield tag="260" ind1=" " ind2=" ">
    <subfield code="a">Albacete : </subfield>
    <subfield code="b">Instituto de Estudios Albacetenses "Don Juan Manuel",</subfield>
    <subfield code="c">2004.</subfield>
  </datafield>
  <datafield tag="300" ind1=" " ind2=" ">
    <subfield code="a">306 p. ; </subfield>
    <subfield code="c">24 cm.</subfield>
  </datafield>
  <datafield tag="490" ind1="1" ind2=" ">
    <subfield code="a">Serie O-- Corpus, documenta y bibliograf&#xED;a ; </subfield>
    <subfield code="v">19</subfield>
  </datafield>
  <datafield tag="600" ind1="0" ind2="4">
    <subfield code="a">Isabel </subfield>
    <subfield code="b">I, </subfield>
    <subfield code="c">Reina de Castilla.</subfield>
    <subfield code="9">175419</subfield>
  </datafield>
  <datafield tag="600" ind1="1" ind2="4">
    <subfield code="a">Fernando </subfield>
    <subfield code="b">V </subfield>
    <subfield code="c">Rey de Espa&#xF1;a.</subfield>
    <subfield code="9">50204</subfield>
  </datafield>
  <datafield tag="651" ind1=" " ind2="4">
    <subfield code="a">Albacete (Provincia)-</subfield>
    <subfield code="x">Historia-</subfield>
    <subfield code="y">S.XV-XVI-</subfield>
    <subfield code="v">Fuentes.</subfield>
    <subfield code="9">7636</subfield>
  </datafield>
  <datafield tag="710" ind1="2" ind2=" ">
    <subfield code="a">Instituto de Estudios Albacetenses.</subfield>
    <subfield code="9">4884</subfield>
  </datafield>
  <datafield tag="830" ind1="0" ind2=" ">
    <subfield code="a">Serie O-- Corpus, documenta y bibliograf&#xED;a ; </subfield>
    <subfield code="v">19</subfield>
    <subfield code="9">231860</subfield>
  </datafield>
  <datafield tag="852" ind1=" " ind2=" ">
    <subfield code="a">ES-MaACL</subfield>
    <subfield code="j">L-28620 </subfield>
    <subfield code="b">R.134899</subfield>
  </datafield>
  <datafield tag="999" ind1=" " ind2=" ">
    <subfield code="c">88990</subfield>
    <subfield code="d">88990</subfield>
  </datafield>
  <datafield tag="952" ind1=" " ind2=" ">
    <subfield code="0">0</subfield>
    <subfield code="1">0</subfield>
    <subfield code="4">0</subfield>
    <subfield code="7">0</subfield>
    <subfield code="a">ATENEOM</subfield>
    <subfield code="b">ATENEOM</subfield>
    <subfield code="c">DEPO2</subfield>
    <subfield code="d">2008-01-17</subfield>
    <subfield code="e">SC</subfield>
    <subfield code="l">0</subfield>
    <subfield code="o">L-28620</subfield>
    <subfield code="p">1092944</subfield>
    <subfield code="r">2023-02-23 00:00:00</subfield>
    <subfield code="w">2023-02-23</subfield>
    <subfield code="y">MONOGRAFIA</subfield>
  </datafield>
</record>
